Познай мир истории. Вып. 10: Нумизматика. История денег (Запись № 11427485)

Подробности
000 -МАРКЕР
контрольное поле 01246nam2a2200253 4500
001 - ИДЕНТИФИКАТОР ЗАПИСИ
контрольное поле RU\NLR\PER_A\011941974_000190
005 - ИДЕНТИФИКАТОР ВЕРСИИ
контрольное поле 20250624015011.0
035 ## - ДРУГИЕ СИСТЕМНЫЕ НОМЕРА
Идентификатор записи (NLR Aleph) 012322125
100 ## - ДАННЫЕ ОБЩЕЙ ОБРАБОТКИ
Данные общей обработки 20200827d2020 |||y0rusy50 ca
101 0# - ЯЗЫК РЕСУРСА
Язык текста, звукозаписи и т.д. русский
102 ## - СТРАНА ПУБЛИКАЦИИ ИЛИ ПРОИЗВОДСТВА
Страна публикации Российская Федерация
200 1# - ЗАГЛАВИЕ И СВЕДЕНИЯ ОБ ОТВЕТСТВЕННОСТИ
Основное заглавие Нумизматика. История денег
210 ## - ПУБЛИКАЦИЯ, РАСПРОСТРАНЕНИЕ И ДР.
Дата издания, распространения и т.д. 2020
Место издания, распространения и т.д. Б. м.
461 #0 - УРОВЕНЬ НАБОРА
Встроенное поле 001RU\NLR\BIBL_A\011941974
-- 2001#$aПознай мир истории$eпопулярная энциклопедия исторической науки$eжурнал$vВып. 10
Системный номер (АБИС) связанной записи 11096971
Место публикации Челябинск
Дата публикации 2018 -
Имя издателя, распространителя и т.д. Непубличное акционерное общество распространения, обработки, сбора печати Челябинской области
Сведения, относящиеся к заглавию популярная энциклопедия исторической науки : журнал
Заглавие Познай мир истории
ISSN 2500-2945
Номер тома Вып. 10
606 1# - НАИМЕНОВАНИЕ ТЕМЫ КАК ПРЕДМЕТ
Наименование темы Нумизматика
Системный номер авторитетной/нормативной записи 1319116
Идентификатор авторитетной/нормативной записи RU\NLR\AUTH\66231832
606 1# - НАИМЕНОВАНИЕ ТЕМЫ КАК ПРЕДМЕТ
Наименование темы Деньги
Тематический подзаголовок История
Системный номер авторитетной/нормативной записи 939364
Идентификатор авторитетной/нормативной записи RU\NLR\AUTH\66347352
686 1# - ИНДЕКСЫ ДРУГИХ КЛАССИФИКАЦИЙ
Индекс Т221(0)
686 1# - ИНДЕКСЫ ДРУГИХ КЛАССИФИКАЦИЙ
Индекс У36(0)26-03
852 ## - МЕСТОНАХОЖДЕНИЕ И ШИФР ХРАНЕНИЯ
Идентификатор организации NLR
Шифр хранения (Call Number) П23/9434
942 ## - ДОПОЛНИТЕЛЬНЫЕ ЭЛЕМЕНТЫ ЗАПИСИ (АБИС)
Тип экземпляра АБИС Выпуск
980 ## - КОЛЛЕКЦИЯ
Название коллекции Национальная библиография
980 ## - КОЛЛЕКЦИЯ
Название коллекции Русская периодика

Нет доступных экземпляров.